Socialist register 2008 : (Record no. 42270)

MARC details
000 -LEADER
fixed length control field 00909nam a22002417a 4500
005 - DATE AND TIME OF LATEST TRANSACTION
control field 2010081700590.0
010 ## - LCCN (DPL NO)
LC control number ENG-100667
020 ## - INTERNATIONAL STANDARD BOOK NUMBER
International Standard Book Number 9788187496755
Terms of availability 250.00
035 ## - SYSTEM CONTROL NUMBER
System control number EN-84200
037 ## - SOURCE OF ACQUISITION
Source of stock number/acquisition DBAD/PUB
082 ## - DEWEY DECIMAL CLASSIFICATION NUMBER
Classification number 325.32
245 ## - TITLE STATEMENT
Title Socialist register 2008 :
Remainder of title global flashpoints reactions to imperialism and Neoliberalism /
Statement of responsibility, etc edited by Leo Panitch [and] Colin Leys
260 ## - PUBLICATION, DISTRIBUTION, ETC. (IMPRINT)
Place of publication, distribution, etc New Delhi
Name of publisher, distributor, etc Leftword Books
Date of publication, distribution, etc 2007
270 ## - ADDRESS
Address 12 Rajendra Prasad Road
City New Delhi
Postal code 110001
300 ## - PHYSICAL DESCRIPTION
Extent xiii,362p.
Dimensions 25cm (pbk)
650 ## - SUBJECT ADDED ENTRY--TOPICAL TERM
Topical term or geographic name as entry element Imperialism
650 ## - SUBJECT ADDED ENTRY--TOPICAL TERM
Topical term or geographic name as entry element International Economic Condition
650 ## - SUBJECT ADDED ENTRY--TOPICAL TERM
Topical term or geographic name as entry element World Politics
700 ## - ADDED ENTRY--PERSONAL NAME
Personal name Panitch, Leo
9 (RLIN) 14309
700 ## - ADDED ENTRY--PERSONAL NAME
Personal name Leys, Colin
9 (RLIN) 14310
942 ## - ADDED ENTRY ELEMENTS (KOHA)
Source of classification or shelving scheme Dewey Decimal Classification
Item type English Books
Classification part 325.32
Call number suffix SOC
Holdings
Withdrawn status Lost status Not for loan Collection code Home library Current library Date acquired Source of acquisition Cost, normal purchase price Full call number Barcode Copy number Koha item type
    Not For Loan Non-fiction D.B.Act.Division D.B.Act.Division 17/08/2010 DBAD/PUB 250.00 325.32 SOC EN-84200 1 English Books

© Delhi Public Library
Hit Counter
free hit counter